| 000 | 00773nam a2200253 a 4500 | ||
|---|---|---|---|
| 008 | 951212s1976||||[C 0 slo c | ||
| 020 |
_c19 Kčs. _q(30000 výtl.) |
||
| 040 |
_aSNK _bslo _cSNK _eAACR2 |
||
| 041 | 1 |
_aslo _hfre |
|
| 044 |
_axo _cSK |
||
| 080 | _a840-3 | ||
| 100 | 1 |
_aMRIME, Prosper _4aut |
|
| 245 | 1 | 0 |
_aKronika vlády Karola 9 _cProsper MRIME ; Prosper Mérimée, Michal Chorváth, Ludmila Chytilková, Peter Cibula |
| 250 | _a2., vyd. | ||
| 260 |
_aBratislava _bTatran _c1976 _eVimperk _fStráž |
||
| 300 |
_a245 s., 11,80 AH _c21 cm |
||
| 490 | 0 | _aMeteor. Zv. 75. | |
| 500 | _aPozn. | ||
| 700 | 1 |
_aMérimée, Prosper _4aut |
|
| 700 | 1 |
_aChorváth, Michal _4trl |
|
| 700 | 1 |
_aChytilková, Ludmila _4oth |
|
| 700 | 1 |
_aCibula, Peter _4oth |
|
| 958 | _aA | ||
| 999 |
_c12332 _d12332 |
||